Use of some plant extracts as anticorrosive agents for aluminum in aqueous media / (رقم التسجيلة. 179547)

تفاصيل مارك
000 -LEADER
fixed length control field 04264namaa22004331i 4500
003 - CONTROL NUMBER IDENTIFIER
control field EG-GICUC
005 - أخر تعامل مع التسجيلة
control field 20260418094140.0
008 - FIXED-LENGTH DATA ELEMENTS--GENERAL INFORMATION
fixed length control field 260418s2025 ua a|||frm||| 000 0 eng d
040 ## - CATALOGING SOURCE
Original cataloguing agency EG-GICUC
Language of cataloging eng
Transcribing agency EG-GICUC
Modifying agency EG-GICUC
Description conventions rda
041 0# - LANGUAGE CODE
Language code of text/sound track or separate title eng
Language code of summary or abstract eng
-- ara
049 ## - Acquisition Source
Acquisition Source Deposit
082 04 - DEWEY DECIMAL CLASSIFICATION NUMBER
Classification number 660
092 ## - LOCALLY ASSIGNED DEWEY CALL NUMBER (OCLC)
Classification number 660
Edition number 21
097 ## - Degree
Degree M.Sc
099 ## - LOCAL FREE-TEXT CALL NUMBER (OCLC)
Local Call Number Cai01.13.04.M.Sc.2025.Re.U
100 0# - MAIN ENTRY--PERSONAL NAME
Authority record control number or standard number Reem Mohamed Mohamed Amer El-Setawy,
Preparation preparation.
245 10 - TITLE STATEMENT
Title Use of some plant extracts as anticorrosive agents for aluminum in aqueous media /
Statement of responsibility, etc. by Reem Mohamed Mohamed Amer El-Setawy ; Supervisors Prof.Dr. Nabil Mahmoud Abd El-Monem, Prof. Dr. Hend El-Sayed Gadow.
246 15 - VARYING FORM OF TITLE
Title proper/short title استخدام بعض المستخلصات النباتية كعوامل مثبطة لتآكل الألومنيوم في الأوساط المائية
264 #0 - PRODUCTION, PUBLICATION, DISTRIBUTION, MANUFACTURE, AND COPYRIGHT NOTICE
Date of production, publication, distribution, manufacture, or copyright notice 2025.
300 ## - PHYSICAL DESCRIPTION
Extent 300 pages :
Other physical details illustrations ;
Dimensions 30 cm. +
Accompanying material CD.
336 ## - CONTENT TYPE
Content type term text
Source rda content
337 ## - MEDIA TYPE
Media type term Unmediated
Source rdamedia
338 ## - CARRIER TYPE
Carrier type term volume
Source rdacarrier
502 ## - DISSERTATION NOTE
Dissertation note Thesis (M.Sc)-Cairo University, 2025.
504 ## - BIBLIOGRAPHY, ETC. NOTE
Bibliography, etc. note Bibliography: pages 51-55.
520 #3 - SUMMARY, ETC.
Summary, etc. This study explores the corrosion inhibition efficiency of Swiss chard stem (SCS) and green pea peel (GPP) extracts as eco-friendly inhibitors on aluminum in 1 M HCl using weight loss (WL), potentiodynamic polarization, and electrochemical impedance spectroscopy techniques. Both inhibitors have a direct relation between the inhibition efficiency and the temperature. WL measurements revealed that at 250 ppm and 55°C, the inhibition efficiencies of SCS and GPP were 91.5% and 83.05%, respectively. Surface protection was validated by AFM and XPS analyses. Quantum chemical calculations identified the key inhibitory constituents, while molecular dynamics simulations revealed the adsorption behavior of SCS and GPP on aluminum. Extraction costs were evaluated and benchmarked against previously reported inhibitors.
520 #3 - SUMMARY, ETC.
Summary, etc. تتناول الدراسة كفاءة تثبيط التآكل لمستخلصي سيقان السلق وقشور البازلاء الخضراء كمثبطات صديقة للبيئة لتآكل الألمنيوم في وسط يحتوي على 1 مولار من حمض الهيدروكلوريك، باستخدام تقنيات الفقد الوزني، الاستقطاب الجهدي الديناميكي، ومطيافية المعاوقة الكهروكيميائية. أظهرت النتائج أن كفاءة التثبيط لكلا المثبطين تزداد مع ارتفاع درجة الحرارة. وكشفت قياسات الفقد الوزني أنه عند تركيز 250 جزء في المليون ودرجة حرارة 55 مئوية، بلغت كفاءة التثبيط لمستخلص سيقان السلق 91.5% ولمستخلص قشور البازلاء 83.05%. تم التأكد من وجود طبقة واقية على سطح الألمنيوم باستخدام تحليل مجهر القوة الذرية ومطيافية الأشعة السينية الإلكتروضوئية. كما حددت الحسابات الكيميائية الكمية المركبات النشطة المسؤولة عن التثبيط، وأظهرت محاكاة الديناميكا الجزيئية سلوك امتزاز المستخلصين على سطح الألمنيوم. كما تم تقييم تكلفة الاستخلاص ومقارنتها بمثبطات أخرى طبقاً للدراسات السابقة.
530 ## - ADDITIONAL PHYSICAL FORM AVAILABLE NOTE
Issues CD Issues also as CD.
546 ## - LANGUAGE NOTE
Text Language Text in English and abstract in Arabic & English.
650 #0 - SUBJECT ADDED ENTRY--TOPICAL TERM
Topical term or geographic name entry element Chemical Engineering
650 #0 - SUBJECT ADDED ENTRY--TOPICAL TERM
Topical term or geographic name entry element الهندسة الكيميائية
653 #1 - INDEX TERM--UNCONTROLLED
Uncontrolled term Corrosion Inhibition
-- Swiss Chard Stem
-- green pea peel
-- Aluminum Surface
-- Inhibition Efficiency
-- تثبيط التآكل
-- سيقان السلق
700 0# - ADDED ENTRY--PERSONAL NAME
Personal name Nabil Mahmoud Abd El-Monem
Relator term thesis advisor.
700 0# - ADDED ENTRY--PERSONAL NAME
Personal name Hend El-Sayed Gadow
Relator term thesis advisor.
900 ## - Thesis Information
Grant date 01-01-2025
Supervisory body Nabil Mahmoud Abd El-Monem
-- Hend El-Sayed Gadow
Discussion body Ibrahim Ahmed Ismail
-- Ehssan Mohamed Nassif
Universities Cairo University
Faculties Faculty of Engineering
Department Department of Chemical Engineering
905 ## - Cataloger and Reviser Names
Cataloger Name Shimaa
942 ## - ADDED ENTRY ELEMENTS (KOHA)
Source of classification or shelving scheme Dewey Decimal Classification
Koha item type Thesis
Edition 21
Suppress in OPAC No
المقتنيات
Source of classification or shelving scheme Home library Current library Date acquired Inventory number Full call number Barcode Date last seen Effective from Koha item type
Dewey Decimal Classification المكتبة المركزبة الجديدة - جامعة القاهرة قاعة الرسائل الجامعية - الدور الاول 18.04.2026 93800 Cai01.13.04.M.Sc.2025.Re.U 01010110093800000 18.04.2026 18.04.2026 Thesis
Cairo University Libraries Portal Implemented & Customized by: Eng. M. Mohamady Contacts: new-lib@cl.cu.edu.eg | cnul@cl.cu.edu.eg
CUCL logo CNUL logo
© All rights reserved — Cairo University Libraries
CUCL logo
Implemented & Customized by: Eng. M. Mohamady Contact: new-lib@cl.cu.edu.eg © All rights reserved — New Central Library
CNUL logo
Implemented & Customized by: Eng. M. Mohamady Contact: cnul@cl.cu.edu.eg © All rights reserved — Cairo National University Library